000 00457nam a22001817a 4500
003 OSt
005 20260203110549.0
008 260203b |||||||| |||| 00| 0 eng d
020 _a9789354669798
040 _cCBS PUB
082 _a611
_bCHA
100 _aSONTAKKE Y.A
245 _aWORKBOOK OF HUMAN ANATOMY UPPER LIMB, THORAX.
260 _aB.M.S.G.B PUNE
300 _a77;PB
500 _aBILL NO - 6409 DATE - 13/01/2026
942 _2ddc
_cTB
_n0
999 _c1215323
_d1215323